| 000 | 00651nam a22002417a 4500 | ||
|---|---|---|---|
| 001 | 8328 | ||
| 003 | FISKH | ||
| 005 | 20250909112115.0 | ||
| 008 | 250909b cb ||||| |||| 00| 0 eng d | ||
| 020 | _a9781740898225 | ||
| 040 |
_aFISKH _beng _cFISKH _dFISKH |
||
| 050 | _aPZ7 | ||
| 100 | _aOdgers, Sally | ||
| 245 |
_aOur amazing bodies / _cBy Sally Odgers |
||
| 260 |
_aSydney : _bWeldon Owen Publishing , _c2008. |
||
| 300 |
_a32 pages : _bcolor illustrations ; _c23 cm . |
||
| 490 |
_aTopReader _vStage 2 |
||
| 505 | _aJ | ||
| 521 | 8 |
_a500
_bLexile estimate |
|
| 521 | 8 |
_aJ
_bRaz-Plus |
|
| 942 |
_2ddc _cBK _n0 |
||
| 999 |
_c8328 _d8328 |
||